000 00960nam a22002297a 4500
005 20110913152830.0
008 110913t xxu||||| |||| 00| 0 mar d
010 _aMAR-21288
020 _a9788174345462
_c150.00
035 _aMR-13946
037 _bDBAD/PUB
040 _aDPL
_bMR
082 _a509
100 _aकुलकर्णी,एल के
_934729
245 _aथोडे विज्ञान थोडी गंमत /
_cकुलकर्णी एल के
246 _aThode Vidhyan Thodi Gammat
_bby L K Kulkarni
260 _aपुणे
_bराजहंस प्रकाशन
_c2011
270 _a1025,सदाशिव पेठ
_bपुणे
_e411030
300 _aआठ,134पृ.
_c21सेमी(अजिल्द)
942 _2ddc
_cMR
_h509
_mकुलक
999 _c56565
_d56565